| 000 | 01788nam a2200205Ia 4500 | ||
|---|---|---|---|
| 003 | Ost | ||
| 005 | 20260507075552.0 | ||
| 008 | 260507s9999||||xx |||||||||||||| ||und|| | ||
| 040 | _cfsecg | ||
| 041 | _aara | ||
| 082 | _a332.6 | ||
| 100 |
_aهندى ، منير ابراهيم _eمؤلف |
||
| 245 | 0 |
_aالفكر الحديث في الاستثمار / _c منير ابراهيم هندى |
|
| 260 |
_aالاسكندرية: _bمنشأة المعارف, _c2004 |
||
| 300 |
_a567 صفحة؛ _bإيضاحات ؛ _c24 سم |
||
| 504 | _aملاحق ص.552 | ||
| 520 | _aكفاءة سوق رأس المال و عائد و مخاطر الاستثمار و كيفية قياسهما و التنويع و تأثيره على المخاطر و الحد الكفئ في نظرية المحفظة كما تم تناول فكر ماركوتز في ظل إفتراض إمكانية الاقراض و الاقتراض مع التطرق الى نموذج تسعير الأصول الرأسمالية و فروض النموذج و إختبار نموذج تسعير الأصول و تطبيقاته للموازنات الرأسمالية و الموازنة الرأسمالية في ظل عدم توافر فروض نموذج تسعير الأصول الرأسمالية و نموذج العوامل و نظرية تسعير المراجحة و اختيار النظرية و استراتيجيات الاستثمار في ظلها مع تناول ماهية عقود الخيارات و أسس تقييم عقود الخيارات و نموذج تسعير عقود الخيارات و أخيرا ماهية العقود المستقبلية و استراتيجيات التعامل في العقود المستقبلية و نماذجها. | ||
| 653 | _aالاستثمار | ||
| 942 | _cكتاب | ||
| 999 |
_c44925 _d44925 |
||